|
|
|
|
| LEADER |
01208nam a2200277 a 4500 |
| 001 |
15015645 |
| 008 |
091221s2007 bg b 001 0 eng d |
| 010 |
|
|
|a 2007340550
|
| 020 |
|
|
|a 9840517813
|
| 040 |
|
|
|a DLC
|c DLC
|d BD-DhAAL
|
| 082 |
0 |
4 |
|a 352.16095492
|2 22
|
| 100 |
1 |
|
|a Ahmed, Sadiq.
|
| 245 |
1 |
0 |
|a Making Dhaka livable /
|c Sadiq Ahmed, Junaid Kamal Ahmad, Adeeb Mahmud.
|
| 260 |
|
|
|a Dhaka :
|b University Press Ltd.,
|c 2007.
|
| 300 |
|
|
|a xii, 64 p. ;
|c 22 cm.
|
| 490 |
0 |
|
|a UPL monograph series
|
| 504 |
|
|
|a Includes bibliographical references (p. [57]-60) and index.
|
| 541 |
1 |
|
|e 00016450
|
| 650 |
|
0 |
|a City planning
|z Bangladesh
|z Dhaka.
|
| 650 |
|
0 |
|a Urbanization
|z Bangladesh
|z Dhaka.
|
| 700 |
1 |
|
|a Ahmad, Junaid,
|d 1960-
|
| 700 |
1 |
|
|a Mahmud, Adeeb.
|
| 852 |
4 |
|
|a Ayesha Abed Library
|j General Shelf.
|
| 999 |
|
|
|c 6323
|d 6323
|
| 952 |
|
|
|0 0
|1 0
|2 ddc
|4 0
|6 352_160954920000000_AHM_2007
|7 0
|9 6373
|a BRACUL
|b BRACUL
|c GEN
|d 2009-12-23
|g 332.00
|l 0
|o 352.16095492 AHM
|p 3010016450
|r 2009-12-23
|t 1
|v 664.00
|w 2009-12-23
|y BK
|
| 952 |
|
|
|0 0
|1 0
|2 ddc
|4 0
|6 352_160954920000000_AHM
|7 0
|9 20897
|a IGS
|b IGS
|c GEN
|d 2012-08-02
|e The University Press Limited
|g 450.00
|l 1
|m 2
|o 352.16095492 AHM
|p 3010025776
|r 2014-06-09
|s 2013-02-14
|t 2
|w 2012-08-02
|y BK
|